La ciudad red flexible y la telefonía celular : reflexiones sobre la ciudad de México /

Estudio del uso del teléfono celular en la ciudad de México, que revela que más de la mitad de los habitantes de la ciudad, incluidos los niños, disponen de teléfonos celulares. Aunque de ese sector más del 90% de los usuarios de celulares restringen su uso a las limitadas condiciones establecidas p...

وصف كامل

محفوظ في:
التفاصيل البيبلوغرافية
المؤلف الرئيسي: Navarro Benítez, Bernardo (autor)
التنسيق: كتاب
اللغة:الإسبانية
منشور في: México : Universidad Autónoma Metropolitana Xochimilco, 2006, c2006
الموضوعات:
الوسوم: إضافة وسم
لا توجد وسوم, كن أول من يضع وسما على هذه التسجيلة!

MARC

LEADER 00000nam^a2200000^a^4500
001 000263551
005 20250521000000.0
009 20260310110619.029
020 |a 970-31-0733-8 
037 |a Acervo ITESO - Biblioteca 
041 |a ESP 
082 |a 302. 23701  |b NAV 
100 |a Navarro Benítez, Bernardo  |e (autor) 
245 1 3 |a La ciudad red flexible y la telefonía celular :  |b reflexiones sobre la ciudad de México /  |c B. Navarro Benítez ; presen. de Armando Quintero Martínez. 
264 4 |a México :  |b Universidad Autónoma Metropolitana Xochimilco,  |c 2006, c2006 
300 |a 66 p. 
336 |a texto  |b txt  |2 rdacontenido 
337 |a sin mediación  |b n  |2 rdamedio 
338 |a volumen  |b nc  |2 rdasoporte 
520 |a Estudio del uso del teléfono celular en la ciudad de México, que revela que más de la mitad de los habitantes de la ciudad, incluidos los niños, disponen de teléfonos celulares. Aunque de ese sector más del 90% de los usuarios de celulares restringen su uso a las limitadas condiciones establecidas por las tarjetas de prepago, contrasta con un 7% que disfruta del amplio acceso que le permiten los contratos de pospago. Cuestión que revela el impacto social que esta tecnología ha tenido en México, ya que la telefonía fija tardó más de cien años en desarrollarse. 
649 |a XX 
650 |a Telefonía Celular -  |z México (Ciudad) -  |x Tema Principal 
650 |a Sistemas Móviles de Comunicación 
650 |a Tecnologías de Comunicación e Información -  |x Aspectos Sociales y Culturales -  |x Tema Principal 
650 |a Tecnología y Sociedad 
650 |a Comunicación Masiva 
650 |a Telecomunicaciones 
650 |a Comunicación 
910 |a Fondo General 
920 |a Impresos - Libros 
930 |a Colección General 
905 |a 101 
901 |a 0500144597  |b IT1  |c ACC  |u 20250521 
902 |a https://opac.biblio.iteso.mx/vufind/Record/000263551